000 00457pab a2200157 454500
008 180718b2017 xxu||||| |||| 00| 0 eng d
100 _aSingh, Sukhpal
245 _aAddressing the agrarian crisis in Punjab: rRole of agro-markets and policy
260 _c2017
300 _ap.37-40.
362 _a21 Jan
650 _aAgrarian structure - India - Punjab
650 _aAgrarian structure
773 _aEconomic and Political Weekly
909 _a113549
999 _c113543
_d113543